Introduction to Data Envelopment Analysis and Its Uses: With DEA-Solver Software and References (Record no. 7158)
[ view plain ]
| 000 -LEADER | |
|---|---|
| fixed length control field | 00833 a2200193 4500 |
| 020 ## - INTERNATIONAL STANDARD BOOK NUMBER | |
| International Standard Book Number | 978-0-387-29122-2 |
| 040 ## - CATALOGING SOURCE | |
| Original cataloging agency | DLC |
| Language of cataloging | DLC |
| 100 1# - MAIN ENTRY--PERSONAL NAME | |
| Personal name | Cooper, William W. |
| 245 10 - TITLE STATEMENT | |
| Title | Introduction to Data Envelopment Analysis and Its Uses: With DEA-Solver Software and References |
| Remainder of title | With DEA-Solver Software and References |
| Statement of responsibility, etc. | William W. Cooper, Lawrence M. Seiford, Kaoru Tone. |
| 260 ## - PUBLICATION, DISTRIBUTION, ETC. | |
| Place of publication, distribution, etc. | Boston, MA : |
| Name of publisher, distributor, etc. | Springer Science+Business Media, Inc., |
| Date of publication, distribution, etc. | 2006. |
| 300 ## - PHYSICAL DESCRIPTION | |
| Other physical details | v.: digital |
| 650 #0 - SUBJECT ADDED ENTRY--TOPICAL TERM | |
| Topical term or geographic name entry element | Data envelopment analysis. |
| 700 1# - ADDED ENTRY--PERSONAL NAME | |
| Personal name | Seiford, Lawrence M. |
| 700 1# - ADDED ENTRY--PERSONAL NAME | |
| Personal name | Tone, Kaoru. |
| 710 2# - ADDED ENTRY--CORPORATE NAME | |
| Corporate name or jurisdiction name as entry element | SpringerLink (Online service) |
| 856 40 - ELECTRONIC LOCATION AND ACCESS | |
| Uniform Resource Identifier | <a href="http://www.lub.lu.se/cgi-bin/ipchk/http://dx.doi.org/10.1007/0-387-29122-9">http://www.lub.lu.se/cgi-bin/ipchk/http://dx.doi.org/10.1007/0-387-29122-9</a> |
| 856 40 - ELECTRONIC LOCATION AND ACCESS | |
| Uniform Resource Identifier | <a href="http://ezproxy.its.uu.se/login?url=http://dx.doi.org/10.1007/0-387-29122-9">http://ezproxy.its.uu.se/login?url=http://dx.doi.org/10.1007/0-387-29122-9</a> |
| 942 ## - ADDED ENTRY ELEMENTS (KOHA) | |
| Koha item type | Book |
| Call number prefix | 300.15195 COO |
| Source of classification or shelving scheme | |
| Withdrawn status | Lost status | Damaged status | Not for loan | Collection code | Permanent Location | Current Location | Shelving location | Date acquired | Source of acquisition | Cost, normal purchase price | Total Checkouts | Total Renewals | Full call number | Barcode | Date last seen | Date last checked out | Price effective from | Koha item type |
|---|---|---|---|---|---|---|---|---|---|---|---|---|---|---|---|---|---|---|
| Central Library (CL) | Central Library (CL) | General Stacks | 04/24/2006 | A&J DEF Tek Consultant | 5075.88 | 2 | 1 | 300.15195 COO | SEECS007263 | 06/25/2024 | 10/04/2018 | 01/05/2017 | Book |
